[Event "26th Klatovy A 2018"]
[Site "Klatovy CZE"]
[Date "2018.07.08"]
[Round "9.42"]
[White "Cekan, Petr1"]
[Black "Skypala, Ondrej"]
[Result "1-0"]
[WhiteElo "1966"]
[BlackElo "1852"]
[PlyCount "59"]
[EventDate "2018.06.30"]
[EventType "swiss"]
[EventRounds "9"]
[EventCountry "CZE"]

1. d4 Nf6 2. c4 g6 3. Nc3 Bg7 4. e4 d6 5. f3 O-O 6. Be3 e5 7. Nge2 Nc6 8. d5 Ne7 9. Qd2 Nd7 10. g4 a6 11. Bh6 b5 12. h4 bxc4 13. h5 Re8 14. Bxg7 Kxg7 15. hxg6 Nxg6 16. Qh6+ Kf6 17. Ng3 Nc5 18. Nf5 Bxf5 19. gxf5 Qb8 20. fxg6 hxg6 21. Qd2 Qb4 22. O-O-O Reb8 23. Qf2 Na4 24. Nxa4 Qxa4 25. Rh7 Qxa2 26. Qh4+ g5 27. Qh6+ Ke7 28. Qxg5+ Kd7 29. Bh3+ Ke8 30. Rh8# 1-0

[Event "26th Klatovy A 2018"]
[Site "Klatovy CZE"]
[Date "2018.07.08"]
[Round "9.43"]
[White "Kostelecky, Daniel"]
[Black "Bartos, Karel"]
[Result "1-0"]
[WhiteElo "1953"]
[BlackElo "1823"]
[PlyCount "38"]
[EventDate "2018.06.30"]
[EventType "swiss"]
[EventRounds "9"]
[EventCountry "CZE"]

1. e4 d5 2. exd5 Qxd5 3. Nc3 Qa5 4. d4 Nf6 5. Nf3 c6 6. Bc4 Bf5 7. Ne5 e6 8. g4 Be4 9. O-O h6 10. Nxe4 Nxe4 11. Qe2 Nd6 12. Nxf7 Nxf7 13. Qxe6+ Kd8 14. Qxf7 Nd7 15. Bf4 Be7 16. Rae1 Re8 17. Re2 Nf6 18. Bb3 Nd5 19. Bd6 Bxd6 1-0

[Event "26th Klatovy A 2018"]
[Site "Klatovy CZE"]
[Date "2018.07.08"]
[Round "9.44"]
[White "Pavlicek, Lukas"]
[Black "Kubat, Martin"]
[Result "0-1"]
[WhiteElo "1819"]
[BlackElo "1881"]
[PlyCount "82"]
[EventDate "2018.06.30"]
[EventType "swiss"]
[EventRounds "9"]
[EventCountry "CZE"]

1. e4 c5 2. Nf3 d6 3. d4 cxd4 4. Nxd4 Nf6 5. Nc3 g6 6. Be3 Bg7 7. Be2 O-O 8. f4 Nc6 9. Nb3 a6 10. g4 b5 11. a3 Bb7 12. Bf3 Na5 13. g5 Nd7 14. Nxa5 Qxa5 15. Bd4 e5 16. fxe5 dxe5 17. Be3 Rfd8 18. Qd6 Bf8 19. Qd2 Nc5 20. Nd5 Qxd2+ 21. Kxd2 Nxe4+ 22. Bxe4 Bxd5 23. Bxd5 Rxd5+ 24. Ke2 Rad8 25. Rad1 Rxd1 26. Rxd1 Rxd1 27. Kxd1 Kg7 28. Kd2 f5 29. gxf6+ Kxf6 30. Kd3 Kf5 31. b4 Bg7 32. c3 e4+ 33. Kd2 Be5 34. c4 bxc4 35. a4 Ke6 36. b5 axb5 37. axb5 Bxh2 38. Kc3 Kd5 39. b6 Bd6 40. b7 Bb8 41. Bg5 h5 0-1

[Event "26th Klatovy A 2018"]
[Site "Klatovy CZE"]
[Date "2018.07.08"]
[Round "9.45"]
[White "Nechutny, Michal"]
[Black "Danek, Vaclav"]
[Result "1/2-1/2"]
[WhiteElo "1746"]
[BlackElo "1885"]
[PlyCount "69"]
[EventDate "2018.06.30"]
[EventType "swiss"]
[EventRounds "9"]
[EventCountry "CZE"]

1. e4 e5 2. Nf3 Nc6 3. Bb5 a6 4. Ba4 Nf6 5. d3 b5 6. Bb3 d6 7. c3 Be7 8. O-O O-O 9. Re1 Na5 10. Bc2 h6 11. Nbd2 Re8 12. Nf1 Bf8 13. Ng3 g6 14. a4 Bd7 15. b4 Nc6 16. h3 Bg7 17. Bb3 Be6 18. Bxe6 Rxe6 19. Bd2 Re8 20. Qc1 Kh7 21. Qb2 d5 22. axb5 axb5 23. Rxa8 Qxa8 24. Ra1 Qd8 25. Qa2 Qd7 26. Qa6 Nb8 27. Qb7 dxe4 28. dxe4 Qc6 29. Ra7 Qxb7 30. Rxb7 c6 31. Nxe5 Rxe5 32. Rxb8 Nxe4 33. Nxe4 Rxe4 34. Kf1 g5 35. Rd8 1/2-1/2